Avaliação de desempenho : (Record no. 924)
[ view plain ]
| 000 -LÍDER | |
|---|---|
| Campo Fixo de Controle | 00753nam a2200229 a 4500 |
| 001 - NÚMERO DE CONTROLE | |
| Campo de Controle | 924 |
| 003 - IDENTIFICAÇÃO DO NÚMERO DE CONTROLE | |
| Campo de Controle | BR-CuiBMT |
| 005 - DATA E HORA DA ÚLTIMA ATUALIZAÇÃO | |
| Campo de Controle | 20231123014935.0 |
| 008 - DADOS FIXOS | |
| Dados Fixos | 231122s2000 rjba 000 0 por d |
| 020 ## - INTERNATIONAL STANDARD BOOK NUMBER | |
| Nº do ISBN | 8568646511 |
| 040 ## - AGÊNCIA CATALOGADORA | |
| Código da Agência Catalogadora | BR-CuiBMT |
| Agência que transcreveu o registro | BR-CuiBMT |
| 080 ## - Nº DA CLASSIFICAÇÃO DECIMAL UNIVERSAL | |
| Nº edição CDU | 2007 |
| Nº Class. CDU | 658.31.084.3 |
| 090 ## - NÚMERO DE CHAMADA | |
| Nº classificação | 658.31.084.3 |
| Cutter | S555a |
| 100 1# - ENTRADA PRINCIPAL -- AUTOR PESSOAL | |
| Nome pessoal | Shigunov Neto, Alexandre |
| 245 10 - TÍTULO PRINCIPAL | |
| Título principal | Avaliação de desempenho : |
| Subtítulo | as propostas que exigem uma nova postura dos administradores / |
| Indicação de responsabilidade | Alexandre Shigunov Neto. |
| 260 ## - PUBLICAÇÃO, DISTRIBUIÇÃO, ETC. | |
| Local de publicação | Rio de Janeiro : |
| Editora | Book Express, |
| Data | 2000. |
| 300 ## - DESCRIÇÃO FÍSICA | |
| N. páginas ou volumes | 114 p. : |
| Ilustrações | il. ; |
| Dimensões | 24 cm |
| 504 ## - NOTA DE BIBLIOGRAFIA, ETC. | |
| Nota de bibliografia | Inclui bibliografia. |
| 650 ## - ASSUNTO TÓPICO | |
| Cabeçalho tópico ou nome geográfico | Avaliação de desempenho |
| 650 ## - ASSUNTO TÓPICO | |
| Cabeçalho tópico ou nome geográfico | Administração de pessoal |
| Subdivisão geral | Avaliação de desempenho |
| 942 ## - ELEMENTOS DE ENTRADA ADICIONAIS (KOHA) | |
| Fonte de classificação ou esquema de arquivamento | Classificação Decimal Universal |
| Tipo de item do Koha | Livros |
| Estado: removido | Estado: perdido | Fonte de classificação ou esquema de arquivamento | Estado: danificado | Indisponível para empréstimo | Localização permanente | Localização atual | Data de aquisição | Total Checkouts | Número de Chamada completo | Código de barras | Date last seen | Número do exemplar | Preço efetivo a partir de | Tipo de item (Koha) |
|---|---|---|---|---|---|---|---|---|---|---|---|---|---|---|
| Classificação Decimal Universal | Biblioteca da Escola Superior de Contas do TCE/MT | Biblioteca da Escola Superior de Contas do TCE/MT | 23/11/2023 | 658.31.084.3 S555a | BIBTCEMT23110919 | 23/11/2023 | Ex. 1 | 23/11/2023 | Livros |